| 000 | 00444nam a2200169Ia 4500 | ||
|---|---|---|---|
| 008 | 180207s9999 xx 000 0 und d | ||
| 020 | _a9780394883205 | ||
| 050 | _bO185 2003 | ||
| 100 | _aO'Connor, Jane. | ||
| 245 | 4 | _aThe teeny tiny woman / | |
| 245 | _cJane O'Connor ; illustrated by R. W. Alley. | ||
| 260 | _aToronto : | ||
| 260 | _bRandom House, Inc., | ||
| 260 | _c2003 | ||
| 300 | _a30 pages : | ||
| 300 | _bcolor illustration ; | ||
| 999 |
_c355186 _d355186 |
||